000 00422nam a22001577a 4500
003 OSt
005 20160721122539.0
008 160721b xxu||||| |||| 00| 0 eng d
020 _a0805331328
040 _cN/A
100 _aTimberlake Karen
245 _aChemistry
_bAn introduction to general organic and biological chemisty
250 _a8th ed
260 _aNew York
_bPearson Education Inc
_c2002
942 _2lcc
_cBK
999 _c254793
_d254792